| 000 -LEADER |
| fixed length control field |
01199cam a2200289 4500 |
| 001 - CONTROL NUMBER |
| control field |
2286434 |
| 005 - DATE AND TIME OF LATEST TRANSACTION |
| control field |
20170119090836.0 |
| 008 - FIXED-LENGTH DATA ELEMENTS--GENERAL INFORMATION |
| fixed length control field |
710301s1971 mduac bc 000 0 eng |
| 010 ## - LIBRARY OF CONGRESS CONTROL NUMBER |
| LC control number |
79145411 |
| 020 ## - INTERNATIONAL STANDARD BOOK NUMBER |
| International Standard Book Number |
0912298014(pbk) |
| 040 ## - CATALOGING SOURCE |
| Original cataloging agency |
DLC |
| Transcribing agency |
DLC |
| Modifying agency |
DLC |
| 050 00 - LIBRARY OF CONGRESS CALL NUMBER |
| Classification number |
NC248.M4C32 1971 |
| 110 2# - MAIN ENTRY--CORPORATE NAME |
| Corporate name or jurisdiction name as entry element |
Baltimore Museum of Art. |
| 245 10 - TITLE STATEMENT |
| Title |
Matisse as a draughtsman. |
| Statement of responsibility, etc. |
Introd. and commentary by Victor I. Carlson. |
| 260 ## - PUBLICATION, DISTRIBUTION, ETC. (IMPRINT) |
| Place of publication, distribution, etc. |
[Baltimore]; |
| Name of publisher, distributor, etc. |
Distributed for the museum by New York Graphic Society, Greenwich, Conn. |
| Date of publication, distribution, etc. |
[1971] |
| 300 ## - PHYSICAL DESCRIPTION |
| Extent |
191 p. |
| Other physical details |
illus., ports. |
| Dimensions |
26 cm. |
| 500 ## - GENERAL NOTE |
| General note |
Catalogue of an exhibition: Baltimore Museum of Art, 12 Jan.-21 Feb., 1971. California Palace of the Legion of Honor, San Francisco, 20 Mar.-9 May 1971. Art Institute of Chicago, 26 May-10 July, 1971. |
| 504 ## - BIBLIOGRAPHY, ETC. NOTE |
| Bibliography, etc |
Bibliography: p. 188-191. |
| 600 10 - SUBJECT ADDED ENTRY--PERSONAL NAME |
| Personal name |
Matisse, Henri, |
| Dates associated with a name |
1869-1954. |
| 700 1# - ADDED ENTRY--PERSONAL NAME |
| Personal name |
Carlson, Victor I. |
| 710 2# - ADDED ENTRY--CORPORATE NAME |
| Corporate name or jurisdiction name as entry element |
California Palace of the Legion of Honor. |
| 710 2# - ADDED ENTRY--CORPORATE NAME |
| Corporate name or jurisdiction name as entry element |
Art Institute of Chicago. |
| 942 ## - ADDED ENTRY ELEMENTS (KOHA) |
| Source of classification or shelving scheme |
|
| Koha item type |
Hard Covered Materials |
| Classification part |
NC248.M4C32 1971 |